T20 World Cup Semi-Finalists - Statistics

General Stats
  • This quiz has been taken 50 times
  • The average score is 35 of 36
Answer Stats
Year Position Answer % Correct
2010 Champion England
100%
2016 Runner-up England
100%
2021 Semi-finalist England
100%
2022 Champion England
100%
2024 Semi-finalist England
100%
2007 Champion India
100%
2014 Runner-up India
100%
2016 Semi-finalist India
100%
2022 Semi-finalist India
100%
2024 Champion India
100%
2007 Runner-up Pakistan
100%
2009 Champion Pakistan
100%
2010 Semi-finalist Pakistan
100%
2012 Semi-finalist Pakistan
100%
2021 Semi-finalist Pakistan
100%
2022 Runner-up Pakistan
100%
2007 Semi-finalist Australia
97%
2010 Runner-up Australia
97%
2012 Semi-finalist Australia
97%
2021 Champion Australia
97%
2007 Semi-finalist New Zealand
97%
2016 Semi-finalist New Zealand
97%
2021 Runner-up New Zealand
97%
2022 Semi-finalist New Zealand
97%
2009 Runner-up Sri Lanka
97%
2010 Semi-finalist Sri Lanka
97%
2012 Runner-up Sri Lanka
97%
2014 Champion Sri Lanka
97%
2009 Semi-finalist South Africa
94%
2014 Semi-finalist South Africa
94%
2024 Runner-up South Africa
94%
2009 Semi-finalist West Indies
90%
2012 Champion West Indies
90%
2014 Semi-finalist West Indies
90%
2016 Champion West Indies
90%
2024 Semi-finalist Afghanistan
84%
No matching quizzes found
Score Distribution
Percent of People with Each Score
Percentile by Number Answered
Your Score History
You have not taken this quiz